| 000 | 04961cam a22019094i 4500 | ||
|---|---|---|---|
| 003 | PE-LiUPU | ||
| 005 | 20250825123003.0 | ||
| 008 | 150706s2008 sp a rb 000 0 spa d | ||
| 020 | _a8483224054 | ||
| 020 | _a9788483224052 | ||
| 035 | _a(Sirsi) i9788483224052 | ||
| 040 |
_aPE-LiUPU _bspa _cPE-LiUPU _dPE-LiUPU _erda |
||
| 049 | _aPRUA | ||
| 082 | 0 | 4 |
_a610.7301 _bK88f _221 |
| 100 | 1 |
_aKozier, Barbara, _eautor. |
|
| 245 | 1 | 0 |
_aFundamentos de enfermería : _bconceptos, procesos y prácticas _nVolumne I / _cBarbara Kozier, Glenora Erb. |
| 250 | _aOctava edición. | ||
| 264 | 1 |
_aMadrid : _bPearson Prentice Hall, _c2008. |
|
| 300 |
_a977 páginas : _bilustraciones ; _c27 centímetros |
||
| 336 |
_atext _2rdacontent |
||
| 337 |
_aunmediated _2rdamedia |
||
| 338 |
_avolume _2rdacarrier |
||
| 490 | 0 | _aSerie enfermería | |
| 504 | _aIncluye bibliografía. | ||
| 505 | 0 | _aNaturaleza de la enfermería -- Atención sanitaria contemporánea -- Proceso de enfermería -- Creencias y prácticas de salud -- Desarrollo según la edad -- Aspectos integrales de la enfermería -- Valoración de la salud -- Componentes integrales de la asistencia del paciente. | |
| 526 | _aP203 | ||
| 526 | _aP200 | ||
| 526 | _aSEG65 | ||
| 526 | _aSEG64 | ||
| 526 | _aSEG63 | ||
| 526 | _aSEG62 | ||
| 526 | _aSEG61 | ||
| 526 | _aSEG60 | ||
| 526 | _aSEG59 | ||
| 526 | _aSEG58 | ||
| 526 | _aSEG57 | ||
| 526 | _aSEG56 | ||
| 526 | _aSEG55 | ||
| 526 | _aSEG54 | ||
| 526 | _aSEG53 | ||
| 526 | _aSEG52 | ||
| 526 | _aSEG51 | ||
| 526 | _aSEG50 | ||
| 526 | _aSEG49 | ||
| 526 | _aSEG48 | ||
| 526 | _aSEG47 | ||
| 526 | _aSEG46 | ||
| 526 | _aSEG24 | ||
| 526 | _aSEG23 | ||
| 526 | _aSEG22 | ||
| 526 | _aSEG21 | ||
| 526 | _aSEG20 | ||
| 526 | _aSEG19 | ||
| 526 | _aSEG18 | ||
| 526 | _aSEG17 | ||
| 526 | _aSEG16 | ||
| 526 | _aSEG14 | ||
| 526 | _aSEG13 | ||
| 526 | _aSEG12 | ||
| 526 | _aSEG11 | ||
| 526 | _aSEG10 | ||
| 526 | _aSEG09 | ||
| 526 | _aSEG06 | ||
| 526 | _aSEG05 | ||
| 526 | _aSEG04 | ||
| 526 | _aSEG03 | ||
| 526 | _aSEG02 | ||
| 526 | _aSEG68 | ||
| 526 | _aSEG66 | ||
| 526 | _aSEG45 | ||
| 526 | _aSEG25 | ||
| 526 | _aSEG01 | ||
| 526 | _aP163 | ||
| 526 | _aP162 | ||
| 526 | _aP161 | ||
| 526 | _aP160 | ||
| 526 | _aP159 | ||
| 526 | _aP158 | ||
| 526 | _aP157 | ||
| 526 | _aP156 | ||
| 526 | _aP155 | ||
| 526 | _aP154 | ||
| 526 | _aP153 | ||
| 526 | _aP152 | ||
| 526 | _aP151 | ||
| 526 | _aP150 | ||
| 526 | _aP149 | ||
| 526 | _aP142 | ||
| 526 | _aP141 | ||
| 526 | _aP140 | ||
| 526 | _aP139 | ||
| 526 | _aP138 | ||
| 526 | _aP137 | ||
| 526 | _aP132 | ||
| 526 | _aP131 | ||
| 526 | _aP130 | ||
| 526 | _aP126 | ||
| 526 | _aP125 | ||
| 526 | _aP124 | ||
| 526 | _aP123 | ||
| 526 | _aP115 | ||
| 526 | _aP122 | ||
| 526 | _aP121 | ||
| 526 | _aP116 | ||
| 526 | _a P114 | ||
| 526 | _aP112 | ||
| 526 | _aP111 | ||
| 526 | _aP104 | ||
| 526 | _aP103 | ||
| 526 | _aP102 | ||
| 526 | _aP101 | ||
| 526 | _aP100 | ||
| 526 | _aP96 | ||
| 526 | _aP95 | ||
| 526 | _aP93 | ||
| 526 | _aP92 | ||
| 526 | _aP91 | ||
| 526 | _aP88 | ||
| 526 | _aP83 | ||
| 526 | _aP82 | ||
| 526 | _aP79 | ||
| 526 | _aP78 | ||
| 526 | _aP75 | ||
| 526 | _aP74 | ||
| 526 | _aP71 | ||
| 526 | _aP69 | ||
| 526 | _a P51 | ||
| 526 | _aP49 | ||
| 526 | _aP48 | ||
| 526 | _aP47 | ||
| 526 | _aP33 | ||
| 526 | _aP31 | ||
| 526 | _a P30 | ||
| 526 | _aP29 | ||
| 526 | _aP27 | ||
| 526 | _aP26 | ||
| 526 | _aP25 | ||
| 526 | _aP24 | ||
| 526 | _a P22 | ||
| 526 | _aP10 | ||
| 526 | _aP09 | ||
| 526 | _a P08 | ||
| 526 | _aP06 | ||
| 526 | _aP05 | ||
| 526 | _aP04 | ||
| 526 | _aP01 | ||
| 650 | 1 | 4 |
_aEnfermería _xFundamentos. |
| 650 | 2 | 4 |
_aEnfermería _xProcesos. |
| 650 | 2 | 4 |
_aCuidados de enfermería _93121 |
| 700 | 1 |
_aErb, Glenora, _eautor. |
|
| 910 | _agl | ||
| 942 |
_2ddc _cBK |
||
| 949 |
_a610.7 K79 1 2008 _wDEWEY _c1 _i62351 _d2016-5-9 _e2016-5-2 _lCCODEBUL1 _mBUL _n2 _p105.00 _r0 _sY _tBOOK _u2015-7-6 _xSALUD _0COMPRA _o.STAFF. Colección Ciencias de la Salud |
||
| 949 |
_a610.7 K79 1 2008 _wDEWEY _c2 _i61148 _d2015-10-15 _e2015-10-14 _lCCODEBUL1 _mBUL _n2 _p84.00 _r0 _sY _tBOOK _u2015-7-6 _xSALUD _0COMPRA _o.STAFF. Colección Ciencias de la Salud |
||
| 949 |
_a610.7 K79 1 2008 _wDEWEY _c3 _i61149 _lCCODEBUL1 _mBUL _p84.00 _r0 _sY _tBOOK _u2015-7-6 _xSALUD _0COMPRA _o.STAFF. Colección Ciencias de la Salud |
||
| 949 |
_a610.7 K79 1 2008 _wDEWEY _c4 _i61683 _lCCODEBUL1 _mBUL _p42.00 _r0 _sY _tBOOK _u2015-7-6 _xSALUD _0COMPRA _o.STAFF. Colección Ciencias de la Salud |
||
| 980 |
_818226 _gJaime Vilcazán Jefe de Análisis Documental |
||
| 999 |
_c50444 _d50444 |
||